000 00341nam a2200145Ia 4500
008 210312s9999||||xx |||||||||||||| ||und||
041 _aosm
050 _aDR486
050 _bA38
100 _aAhmet Rasim
245 0 _aResimli ve haritalı Osmanlı tarihi
260 _c1912
500 _a(2. cilt)
650 _aTürkiye--Tarih--1288-1918
999 _c21899
_d21899